Algebra and Trigonometry Towson University Edition MATH 115 / (Record no. 615295)
[ view plain ]
| 000 -LEADER | |
|---|---|
| fixed length control field | 00395nam a22001457a 4500 |
| 020 ## - INTERNATIONAL STANDARD BOOK NUMBER | |
| Qualifying information | PB. |
| 040 ## - CATALOGING SOURCE | |
| Transcribing agency | FIZZA ISHAQ |
| 082 ## - DEWEY DECIMAL CLASSIFICATION NUMBER | |
| Classification number | 512.13 |
| Author Mark | LAR |
| 100 ## - MAIN ENTRY--PERSONAL NAME | |
| Personal name | Larson,Ron. |
| 9 (RLIN) | 39190 |
| 245 ## - TITLE STATEMENT | |
| Title | Algebra and Trigonometry Towson University Edition MATH 115 / |
| Statement of responsibility, etc. | Ron Larson. |
| 250 ## - EDITION STATEMENT | |
| Edition statement | 6th ED. |
| 260 ## - PUBLICATION, DISTRIBUTION, ETC. | |
| Place of publication, distribution, etc. | USA: |
| Name of publisher, distributor, etc. | CENGAGE Learning, |
| Date of publication, distribution, etc. | 2011. |
| 300 ## - PHYSICAL DESCRIPTION | |
| Extent | 542 P. ; A142 Index Inc. |
| 942 ## - ADDED ENTRY ELEMENTS (KOHA) | |
| Source of classification or shelving scheme | |
| Koha item type | Book |
| Withdrawn status | Lost status | Source of classification or shelving scheme | Damaged status | Not for loan | Permanent Location | Current Location | Date acquired | Total Checkouts | Full call number | Barcode | Date last seen | Price effective from | Koha item type |
|---|---|---|---|---|---|---|---|---|---|---|---|---|---|
| NUST Baluchistan Campus (NBC) | NUST Baluchistan Campus (NBC) | 11/03/2025 | 512.13 LAR | QD-100 | 11/03/2025 | 11/03/2025 | Book |
